Every WNBA Team's Top 3 Players - Statistics

General Stats
  • This quiz has been taken 100 times
  • The average score is 23 of 39
Answer Stats
Team Players Overalls % Correct
Indiana Fever Caitlin Clark 94
98%
Las Vegas Aces A’ja Wilson 99
95%
Chicago Sky Angel Reese 90
93%
New York Liberty Breanna Stewart 97
87%
Minnesota Lynx Napheesa Collier 97
86%
Sabrina Ionescu 93
85%
Kelsey Plum 88
82%
Atlanta Dream Brittney Griner 91
79%
Aliyah Boston 89
76%
Marina Mabrey 83
74%
Jonquel Jones 92
72%
Dallas Wings Arike Ogunbowale 91
71%
Rhyne Howard 87
71%
Phoenix Mercury Alyssa Thomas 94
70%
Jackie Young 91
69%
Brionna Jones 90
64%
Alanna Smith 87
63%
Skylar Diggins 86
62%
DeWanna Bonner 89
61%
Kayla McBride 89
60%
Connecticut Sun Tina Charles 85
60%
Dijonai Carrington 86
59%
Jewell Loyd 86
56%
Seattle Storm Nneka Ogwumike 93
56%
Kamilla Cardoso 85
55%
Satou Sabally 87
55%
Los Angeles Sparks Dearica Hamby 89
52%
Kahleah Copper 90
52%
Washington Mystics Brittney Sykes 84
47%
Kayla Thornton 78
45%
Stefanie Dolson 83
44%
Golden State Valkyries Tiffany Hayes 81
43%
Ariel Atkins 84
38%
Shakira Austin 83
33%
Azurá Stevens 84
30%
Monique Billings 79
30%
Lindsay Allen 78
28%
Ezi Magbegor 88
25%
Teaira McCowan 88
18%
No matching quizzes found
Score Distribution
Percent of People with Each Score
Percentile by Number Answered
Your Score History
You have not taken this quiz